000 00372 a2200169 4500
001 46171
020 _a978-85-08-15359-6
040 _cAnchieta - Aquarius
100 _aIacocca, Michelle
240 1 0 _aCéu na calçada
_lpor
245 1 0 _aCéu na calçada
300 _a
362 0 _a2011
440 1 _aÁtica
650 4 _aLiteratura infanto-juvenil
942 _cBK
999 _c46171
_d46171